A course in Russian history--the seventeenth century /

Bibliographic Details
Main Author: Kli͡uchevskiĭ, V. O. (Vasiliĭ Osipovich), 1841-1911
Other Authors: Duddington, Natalie
Format: Book
Language:English
Published: Armonk, N.Y. : M.E. Sharpe, [1994]
Subjects:

MARC

Tag First Indicator Second Indicator Subfields
LEADER 00000cam a2200000 a 4500
001 in00001206921
005 20151002091513.0
008 930628s1994 nyu b 001 0 eng
010 |a  93026721  
020 |a 1563243164 (alk. paper) 
020 |a 1563243172 (pbk. : alk. paper) 
035 |a (OCoLC)28505917 
035 |9 AGQ2652AM 
040 |a DLC  |c DLC  |d TXA  |d UtOrBLW 
041 1 |a eng  |h rus 
043 |a e-ur--- 
049 |a TXAM 
050 0 0 |a DK114  |b .K573 1994 
082 0 0 |a 947/.04  |2 20 
100 1 |a Kli͡uchevskiĭ, V. O.  |q (Vasiliĭ Osipovich),  |d 1841-1911. 
240 1 0 |a Kurs russkoĭ istorii.  |n Chastʹ 3.  |l English 
245 1 2 |a A course in Russian history--the seventeenth century /  |c V.O. Kliuchevsky ; translated from the Russian by Natalie Duddington ; introduction by Alfred J. Rieber. 
264 1 |a Armonk, N.Y. :  |b M.E. Sharpe,  |c [1994] 
264 4 |c ©1994 
300 |a xl, 400 pages ;  |c 24 cm. 
336 |a text  |b txt  |2 rdacontent 
337 |a unmediated  |b n  |2 rdamedia 
338 |a volume  |b nc  |2 rdacarrier 
504 |a Includes bibliographical references and index. 
651 0 |a Russia  |x History  |y 1613-1689. 
651 0 |a Russia  |x History  |y Time of Troubles, 1598-1613. 
700 1 |a Duddington, Natalie. 
999 |a MARS 
999 f f |s dde671bb-b9a0-35ae-aeda-ea9f0913bee8  |i b0529514-2fdf-35c7-b5dd-a38c5110a349  |t 0 
952 f f |p ric  |a Texas A&M University  |b Rellis Campus  |c Joint Library Facility  |d Remote Storage  |t 0  |e DK114 .K573 1994  |h Library of Congress classification  |i unmediated -- volume  |m A14818868346 
998 f f |a DK114 .K573 1994  |t 0  |l Remote Storage